| 000 | 00718nam a2200205Ia 4500 | ||
|---|---|---|---|
| 005 | 20240530102408.0 | ||
| 008 | 140319s xx 000 0 ara d | ||
| 040 |
_aGCL / _cGCL |
||
| 082 | 0 | 4 |
_a510 / _bم م |
| 100 | 1 | _aمصطفى احمد الجندى | |
| 245 | 1 | 0 |
_aمبادئ التحليل الرياضى / _cمصطفى احمد الجندى |
| 260 |
_aبيروت : _bدار الراتب الجامعية، _cد . ت |
||
| 300 |
_a303 ص؛ _c24 سم |
||
| 490 |
_aسلسلة مجموعة كتب الرياضيات _v( 3 ) |
||
| 650 | 0 | 4 | _aالتحليل الرياضى |
| 650 | 0 | 4 | _aالجبر |
| 650 | 0 | 4 | _aالتفاضل والتكامل |
| 942 |
_2ddc _cBK |
||
| 999 |
_c31936 _d31936 |
||